[Event "Sarajevo Bosnia-A 36th"]
[Site "Sarajevo"]
[Date "2006.05.15"]
[Round "9"]
[White "Naiditsch, Arkadij"]
[Black "Carlsen, Magnus"]
[Result "1/2-1/2"]
[WhiteElo "2664"]
[BlackElo "2646"]
[PlyCount "115"]
[EventDate "2006.05.07"]
[EventType "tourn"]
[EventRounds "10"]
[EventCountry "BIH"]
[EventCategory "17"]
[WhiteTeam "Germany"]
[BlackTeam "Germany"]
[WhiteTeamCountry "GER"]
[BlackTeamCountry "GER"]

1. e4 e5 2. Nf3 Nc6 3. Bb5 a6 4. Bxc6 dxc6 5. O-O Be6 6. Nxe5 Qd4 7. Nf3 Qxe4
8. Ng5 Qg6 9. Nxe6 fxe6 10. d3 O-O-O 11. Qe2 Bd6 12. Nd2 Nf6 13. Ne4 Nxe4 14.
Qxe4 Qxe4 15. dxe4 Bc5 16. Bg5 Rd7 17. Rad1 Rxd1 18. Rxd1 Rf8 19. Bh4 b5 20.
Bg3 h5 21. h4 Rd8 22. Rxd8+ Kxd8 23. Be5 g6 24. b3 Be7 25. g3 c5 26. c4 c6 27.
Kg2 Ke8 28. Kf3 Bf8 29. a4 Ke7 30. Bb8 Kf6 31. Bc7 e5 32. Bd8+ Ke6 33. Bg5 Bd6
34. Ke3 Bf8 35. Kd3 Bd6 36. Bh6 Be7 37. Ke2 Bd6 38. Ke3 Be7 39. Bg5 Bd6 40. f4
Bc7 41. Kf3 Bd6 42. Bh6 Be7 43. Bg7 exf4 44. Kxf4 Kf7 45. Be5 Ke6 46. Bc7 Kd7
47. Bb8 Ke6 48. e5 Bd8 49. Bd6 Ba5 50. Kg5 Kf7 51. Kh6 Bd2+ 52. Kh7 g5 53. Bxc5
gxh4 54. gxh4 Be1 55. Kh6 Bxh4 56. Kxh5 Bg3 57. Kg4 Bxe5 58. Kf5 1/2-1/2

[Event "Sarajevo Bosnia-A 36th"]
[Site "Sarajevo"]
[Date "2006.05.13"]
[Round "7"]
[White "Carlsen, Magnus"]
[Black "Nisipeanu, Liviu Dieter"]
[Result "1/2-1/2"]
[WhiteElo "2646"]
[BlackElo "2695"]
[PlyCount "52"]
[EventDate "2006.05.07"]
[EventType "tourn"]
[EventRounds "10"]
[EventCountry "BIH"]
[EventCategory "17"]
[WhiteTeam "Germany"]
[BlackTeam "Germany"]
[WhiteTeamCountry "GER"]
[BlackTeamCountry "GER"]

1. e4 c5 2. Nf3 d6 3. d4 cxd4 4. Nxd4 Nf6 5. Nc3 Nc6 6. Bg5 e6 7. Qd2 Be7 8.
O-O-O O-O 9. f4 Nxd4 10. Qxd4 Qa5 11. Bc4 Bd7 12. Kb1 Rfd8 13. Bb3 Rac8 14. g4
Qc5 15. Qd3 Bc6 16. f5 d5 17. Be3 Qa5 18. fxe6 fxe6 19. Bd4 Nxe4 20. Nxe4 dxe4
21. Bxe6+ Kh8 22. Qh3 Bd5 23. Bxd5 Rxd5 24. g5 Qc7 25. Bc3 Rxd1+ 26. Rxd1 Rd8
1/2-1/2

[Event "Sarajevo Bosnia-A 36th"]
[Site "Sarajevo"]
[Date "2006.05.12"]
[Round "6"]
[White "Malakhov, Vladimir"]
[Black "Carlsen, Magnus"]
[Result "1/2-1/2"]
[WhiteElo "2691"]
[BlackElo "2646"]
[PlyCount "79"]
[EventDate "2006.05.07"]
[EventType "tourn"]
[EventRounds "10"]
[EventCountry "BIH"]
[EventCategory "17"]
[WhiteTeam "Germany"]
[BlackTeam "Germany"]
[WhiteTeamCountry "GER"]
[BlackTeamCountry "GER"]

1. e4 c5 2. Nf3 e6 3. d4 cxd4 4. Nxd4 Nf6 5. Nc3 Nc6 6. Ndb5 d6 7. Bf4 e5 8.
Bg5 a6 9. Na3 b5 10. Nd5 Be7 11. Bxf6 Bxf6 12. c4 b4 13. Nc2 a5 14. Be2 O-O 15.
O-O Bg5 16. Qd3 Bb7 17. Rad1 Nb8 18. a3 bxa3 19. Nxa3 Na6 20. Nb5 Nc5 21. Qc2
a4 22. Bf3 Ra6 23. Rfe1 Qa5 24. Ndc3 Rd8 25. Be2 Qb4 26. Bf1 g6 27. Qe2 Kg7 28.
Qg4 Ne6 29. Nd5 Qc5 30. Qg3 Rc8 31. Ra1 Bd8 32. Red1 Nd4 33. Nbc3 Rca8 34. Qd3
Bc6 35. Ra3 Ra5 36. Ne2 Bxd5 37. Nxd4 Qxd4 38. Qxd4 exd4 39. cxd5 Rb8 40. Ra2
1/2-1/2

[Event "Sarajevo Bosnia-A 36th"]
[Site "Sarajevo"]
[Date "2006.05.11"]
[Round "5"]
[White "Predojevic, Borki"]
[Black "Carlsen, Magnus"]
[Result "0-1"]
[WhiteElo "2566"]
[BlackElo "2646"]
[PlyCount "80"]
[EventDate "2006.05.07"]
[EventType "tourn"]
[EventRounds "10"]
[EventCountry "BIH"]
[EventCategory "17"]
[WhiteTeam "Germany"]
[BlackTeam "Germany"]
[WhiteTeamCountry "GER"]
[BlackTeamCountry "GER"]

1. e4 c5 2. Nf3 d6 3. d4 cxd4 4. Nxd4 Nf6 5. Nc3 a6 6. Bg5 e6 7. f4 Qc7 8. Bxf6
gxf6 9. Qd2 Nc6 10. O-O-O Bd7 11. Kb1 Nxd4 12. Qxd4 Be7 13. Be2 h5 14. Rhf1 Qc5
15. Qd2 b5 16. Bf3 Rc8 17. Ne2 h4 18. Nd4 b4 19. Rfe1 a5 20. e5 fxe5 21. fxe5
dxe5 22. Nb3 Qc7 23. Nxa5 Ba4 24. Nb3 f5 25. Qe2 Kf7 26. Bh5+ Kg7 27. g4 hxg3
28. Rg1 Kf8 29. hxg3 Bf6 30. g4 e4 31. Qd2 Qb6 32. Qg2 Qb8 33. gxf5 Qe5 34. Rd4
Bxb3 35. Qg6 Rxh5 36. axb3 Ke7 37. c3 bxc3 38. Qxh5 c2+ 39. Kc1 Qf4+ 40. Rd2
Bxb2+ 0-1

[Event "Sarajevo Bosnia-A 36th"]
[Site "Sarajevo"]
[Date "2006.05.09"]
[Round "3"]
[White "Carlsen, Magnus"]
[Black "Sasikiran, Krishnan"]
[Result "1/2-1/2"]
[WhiteElo "2646"]
[BlackElo "2692"]
[PlyCount "74"]
[EventDate "2006.05.07"]
[EventType "tourn"]
[EventRounds "10"]
[EventCountry "BIH"]
[EventCategory "17"]
[WhiteTeam "Germany"]
[BlackTeam "Germany"]
[WhiteTeamCountry "GER"]
[BlackTeamCountry "GER"]

1. Nf3 Nf6 2. c4 b6 3. Nc3 Bb7 4. d4 e6 5. Bg5 h6 6. Bh4 Be7 7. e3 Ne4 8. Nxe4
Bxe4 9. Bg3 d6 10. Bd3 Bb7 11. O-O Nd7 12. e4 O-O 13. Qe2 Bf6 14. Rad1 e5 15.
d5 a5 16. b3 Re8 17. a3 Nf8 18. b4 axb4 19. axb4 c5 20. bxc5 bxc5 21. Nd2 Ng6
22. Nb1 Bc8 23. Nc3 Nf4 24. Qc2 Bd7 25. Ra1 Ra5 26. Rfb1 Qa8 27. Rxa5 Qxa5 28.
Bf1 Nh5 29. Qb2 Ra8 30. Qb7 Qd8 31. Nb5 Rb8 32. Qa6 Be7 33. Ra1 g6 34. Be2 Nf4
35. Bf1 Nh5 36. Be2 Nf4 37. Bf1 Nh5 1/2-1/2

[Event "Sarajevo Bosnia-A 36th"]
[Site "Sarajevo"]
[Date "2006.05.08"]
[Round "2"]
[White "Nisipeanu, Liviu Dieter"]
[Black "Carlsen, Magnus"]
[Result "1/2-1/2"]
[WhiteElo "2695"]
[BlackElo "2646"]
[PlyCount "39"]
[EventDate "2006.05.07"]
[EventType "tourn"]
[EventRounds "10"]
[EventCountry "BIH"]
[EventCategory "17"]
[WhiteTeam "Germany"]
[BlackTeam "Germany"]
[WhiteTeamCountry "GER"]
[BlackTeamCountry "GER"]

1. e4 c5 2. Nf3 Nc6 3. Nc3 g6 4. d4 cxd4 5. Nxd4 Bg7 6. Be3 Nf6 7. Bc4 O-O 8.
Bb3 Qa5 9. O-O d6 10. h3 Bd7 11. Qe1 Rfe8 12. Rd1 Nxd4 13. Bxd4 Bc6 14. f4 Nd7
15. Bxg7 Kxg7 16. Kh2 Rac8 17. Qh4 h6 18. Nd5 e6 19. Nc3 Nf6 20. Qe1 1/2-1/2

[Event "Sarajevo Bosnia-A 36th"]
[Site "Sarajevo"]
[Date "2006.05.07"]
[Round "1"]
[White "Carlsen, Magnus"]
[Black "Malakhov, Vladimir"]
[Result "1/2-1/2"]
[WhiteElo "2646"]
[BlackElo "2691"]
[PlyCount "97"]
[EventDate "2006.05.07"]
[EventType "tourn"]
[EventRounds "10"]
[EventCountry "BIH"]
[EventCategory "17"]
[WhiteTeam "Germany"]
[BlackTeam "Germany"]
[WhiteTeamCountry "GER"]
[BlackTeamCountry "GER"]

1. e4 c5 2. Nf3 Nc6 3. d4 cxd4 4. Nxd4 g6 5. Nc3 Bg7 6. Be3 Nf6 7. Bc4 O-O 8.
Bb3 e6 9. f4 d6 10. Qf3 e5 11. Nxc6 bxc6 12. fxe5 Ng4 13. exd6 Nxe3 14. Qxe3
Qxd6 15. Rd1 Qf6 16. Qf2 Qe7 17. O-O Ba6 18. Rfe1 Rad8 19. Rxd8 Rxd8 20. e5 Bc8
21. h3 Bf5 22. Ne2 Qxe5 23. Ng3 Qxb2 24. Nxf5 gxf5 25. Qxf5 Qf6 26. Qa5 Rd7 27.
Qa6 Qd6 28. Qc8+ Bf8 29. Rf1 Qc7 30. Qxc7 Rxc7 31. Rf5 Kg7 32. Kf2 Bd6 33. Kf3
f6 34. Ra5 Be5 35. Ra6 Kg6 36. Ke4 Kg5 37. Kf3 c5 38. Bc4 Rd7 39. g3 h5 40. Rc6
Rc7 41. h4+ Kh6 42. Rxc7 Bxc7 43. Bd3 f5 44. Bxf5 c4 45. Be6 c3 46. Bf7 Be5 47.
a4 Bc7 48. Be8 Be5 49. g4 1/2-1/2

[Event "Dos Hermanas Internet f 7th"]
[Site "ICC INT"]
[Date "2006.03.25"]
[Round "3.1"]
[White "Doettling, Fabian"]
[Black "Carlsen, Magnus"]
[Result "1-0"]
[WhiteElo "2542"]
[BlackElo "2625"]
[PlyCount "73"]
[EventDate "2006.03.24"]
[EventType "k.o. (blitz)"]
[EventRounds "5"]
[EventCountry "ESP"]
[WhiteTeam "Germany"]
[BlackTeam "Germany"]
[WhiteTeamCountry "GER"]
[BlackTeamCountry "GER"]

1. d4 Nf6 2. Nf3 c5 3. d5 d6 4. Nc3 e5 5. e4 Be7 6. Bb5+ Nbd7 7. a4 O-O 8. O-O
Ne8 9. Bd3 g6 10. Nd2 f5 11. exf5 gxf5 12. f4 e4 13. Be2 Bf6 14. Nc4 Bxc3 15.
bxc3 Ndf6 16. Ne3 Bd7 17. c4 Qe7 18. Bb2 Qf7 19. Qe1 Qg6 20. Kh1 Rf7 21. Qh4
Rg7 22. Rg1 h5 23. Ra3 Qh6 24. h3 Rg6 25. a5 Ng7 26. Rb3 Rb8 27. Rb1 Bc8 28.
Nf1 Kh7 29. Rg3 Rxg3 30. Nxg3 Ng8 31. Qd8 h4 32. Bxg7 Qxg7 33. Nxf5 Bxf5 34.
Qxb8 b6 35. axb6 axb6 36. Rxb6 Qa1+ 37. Kh2 1-0

[Event "Dos Hermanas Internet f 7th"]
[Site "ICC INT"]
[Date "2006.03.25"]
[Round "3.4"]
[White "Carlsen, Magnus"]
[Black "Doettling, Fabian"]
[Result "0-1"]
[WhiteElo "2625"]
[BlackElo "2542"]
[PlyCount "78"]
[EventDate "2006.03.24"]
[EventType "k.o. (blitz)"]
[EventRounds "5"]
[EventCountry "ESP"]
[WhiteTeam "Germany"]
[BlackTeam "Germany"]
[WhiteTeamCountry "GER"]
[BlackTeamCountry "GER"]

1. e4 c6 2. d4 d5 3. e5 c5 4. Nf3 Nc6 5. c4 Bg4 6. dxc5 e6 7. cxd5 exd5 8. Nc3
Bxc5 9. Qxd5 Qxd5 10. Nxd5 O-O-O 11. Nc3 Nb4 12. Ne4 Nc2+ 13. Ke2 Bb6 14. Nd6+
Rxd6 15. exd6 Nxa1 16. Kd1 Nf6 17. Bd3 Rd8 18. Bf4 Nh5 19. Be5 f6 20. Bg3 Nxg3
21. fxg3 Rxd6 22. Ke2 Re6+ 23. Kd2 Be3+ 24. Kd1 Rc6 25. Re1 Rc1+ 26. Ke2 Rxe1+
27. Kxe1 Be6 28. Ke2 Bc1 29. b3 g6 30. Kd1 Be3 31. Ke2 Bh6 32. Nd4 Bd5 33. Kf2
a6 34. h4 Kd7 35. g4 Bf8 36. h5 Bc5 37. Ke3 Bxb3 38. Bxg6 hxg6 39. h6 Bg8 0-1

[Event "Dos Hermanas Internet f 7th"]
[Site "ICC INT"]
[Date "2006.03.24"]
[Round "2.1"]
[White "Todorovic, Goran M"]
[Black "Carlsen, Magnus"]
[Result "1-0"]
[WhiteElo "2480"]
[BlackElo "2625"]
[PlyCount "57"]
[EventDate "2006.03.24"]
[EventType "k.o. (blitz)"]
[EventRounds "5"]
[EventCountry "ESP"]
[WhiteTeam "Germany"]
[BlackTeam "Germany"]
[WhiteTeamCountry "GER"]
[BlackTeamCountry "GER"]

1. e4 c5 2. Nf3 Nc6 3. Nc3 g6 4. d4 cxd4 5. Nxd4 Bg7 6. Be3 Nf6 7. Bc4 O-O 8.
Bb3 Qa5 9. O-O d6 10. f3 Bd7 11. Qd2 Rac8 12. Rad1 Ne5 13. Nd5 Qd8 14. Nxf6+
Bxf6 15. Bh6 Re8 16. c3 Nc4 17. Qe2 b5 18. Kh1 Qb6 19. Rfe1 a5 20. a3 e5 21.
Nc2 Nxb2 22. Rb1 Qc5 23. Rxb2 Qxc3 24. Ne3 Be6 25. Nd5 Bxd5 26. Bxd5 Qxa3 27.
Rxb5 Rb8 28. Reb1 Rxb5 29. Qxb5 1-0

[Event "Glitnir blitz"]
[Site "Reykjavik"]
[Date "2006.03.16"]
[Round "4.2"]
[White "Carlsen, Magnus"]
[Black "Erenburg, Sergey"]
[Result "0-1"]
[WhiteElo "2625"]
[BlackElo "2573"]
[PlyCount "102"]
[EventDate "2006.03.15"]
[EventType "k.o. (blitz)"]
[EventRounds "6"]
[EventCountry "ISL"]
[WhiteTeam "Germany"]
[BlackTeam "Germany"]
[WhiteTeamCountry "GER"]
[BlackTeamCountry "GER"]

1. d4 d5 2. c4 e6 3. Nf3 Nf6 4. g3 c6 5. Bg2 Be7 6. O-O O-O 7. Qc2 dxc4 8. Qxc4
b5 9. Qc2 Bb7 10. a4 a6 11. Rd1 Nbd7 12. Nc3 Rc8 13. Bg5 h6 14. Bxf6 Nxf6 15.
Ne5 Qb6 16. e3 c5 17. Bxb7 Qxb7 18. axb5 axb5 19. Qb3 b4 20. Ne2 Qb5 21. Qc4
Qxc4 22. Nxc4 cxd4 23. Rxd4 Nd5 24. Rad1 Bf6 25. Re4 Rfd8 26. Nf4 Nxf4 27.
Rxd8+ Rxd8 28. exf4 Rd1+ 29. Kg2 Bd4 30. Ne3 Rd2 31. b3 f5 32. Rxe6 Kf7 33. Re5
Bxe5 34. fxe5 Ke6 35. Nc4 Rd3 36. Na5 Rc3 37. f4 Rc7 38. Kf2 Rc2+ 39. Ke3 Rxh2
40. Nc6 Rb2 41. Nxb4 Rxb3+ 42. Nd3 Kd5 43. Ke2 Kd4 44. Ne1 Rxg3 45. Nc2+ Ke4
46. e6 Rc3 47. Nb4 Rc7 48. Na6 Re7 49. Kf2 Kxf4 50. Nc5 Ke5 51. Kf3 Rxe6 0-1

[Event "Reykjavik op 22nd"]
[Site "Reykjavik"]
[Date "2006.03.09"]
[Round "4"]
[White "Tregubov, Pavel V"]
[Black "Carlsen, Magnus"]
[Result "1/2-1/2"]
[WhiteElo "2556"]
[BlackElo "2625"]
[PlyCount "99"]
[EventDate "2006.03.06"]
[EventType "swiss"]
[EventRounds "9"]
[EventCountry "ISL"]
[WhiteTeam "Germany"]
[BlackTeam "Germany"]
[WhiteTeamCountry "GER"]
[BlackTeamCountry "GER"]

1. d4 Nf6 2. c4 c6 3. Nf3 d5 4. e3 Bf5 5. Nc3 e6 6. Nh4 Bg6 7. Nxg6 hxg6 8. g3
Nbd7 9. Bg2 dxc4 10. Qe2 Be7 11. Qxc4 e5 12. O-O Nb6 13. Qe2 exd4 14. Rd1 O-O
15. Rxd4 Qc7 16. e4 Qe5 17. Rd3 Rad8 18. Bf4 Qe6 19. Rad1 Rxd3 20. Rxd3 Re8 21.
Kh1 Bb4 22. f3 Nfd7 23. Rd1 Ne5 24. Qc2 Qf6 25. h4 Nec4 26. Bc1 Rd8 27. Bg5
Rxd1+ 28. Nxd1 Qd4 29. b3 Bc5 30. Kh2 f6 31. Bc1 Qg1+ 32. Kh3 Ne5 33. f4 Nf7
34. Qd3 g5 35. hxg5 fxg5 36. fxg5 Ne5 37. Qf1 Qd4 38. Ne3 g6 39. Ng4 Nxg4 40.
Kxg4 Nd7 41. Bf4 b5 42. Bf3 Qh8 43. Qh1 Ne5+ 44. Bxe5 Qxe5 45. Qe1 Bd6 46. Kh3
c5 47. Be2 a6 48. a4 Qe6+ 49. Bg4 Qe5 50. Be2 1/2-1/2

[Event "Corus-B"]
[Site "Wijk aan Zee"]
[Date "2006.01.28"]
[Round "12"]
[White "Carlsen, Magnus"]
[Black "Cheparinov, Ivan"]
[Result "1/2-1/2"]
[WhiteElo "2625"]
[BlackElo "2625"]
[PlyCount "117"]
[EventDate "2006.01.14"]
[EventType "tourn"]
[EventRounds "13"]
[EventCountry "NED"]
[EventCategory "15"]
[WhiteTeam "Germany"]
[BlackTeam "Germany"]
[WhiteTeamCountry "GER"]
[BlackTeamCountry "GER"]

1. e4 e5 2. Nf3 Nc6 3. Bb5 Nf6 4. O-O Nxe4 5. Re1 Nd6 6. Nxe5 Be7 7. Bf1 Nxe5
8. Rxe5 O-O 9. d4 Bf6 10. Re1 Nf5 11. d5 d6 12. Nd2 Bg5 13. c3 Bd7 14. g3 Re8
15. Ne4 Bxc1 16. Rxc1 Nh6 17. f3 Nf5 18. Qd2 c6 19. dxc6 bxc6 20. Qf2 Be6 21.
Rcd1 d5 22. Nc5 Qf6 23. Rd2 Re7 24. Rde2 Rae8 25. Nb3 h5 26. Qc5 Qg5 27. Re5 h4
28. g4 Bc8 29. Rxe7 Rxe7 30. Rxe7 Nxe7 31. Kf2 Qe5 32. Kg1 f5 33. Qxa7 fxg4 34.
Qd4 Qg5 35. f4 Qg6 36. Qe5 Kf7 37. Nd4 g3 38. Qg5 gxh2+ 39. Kxh2 Qxg5 40. fxg5
c5 41. Nb3 c4 42. Nd4 Kg6 43. Nf3 Bg4 44. Nxh4+ Kxg5 45. Kg3 Bd7 46. Nf3+ Kf6
47. Nd4 Nf5+ 48. Nxf5 Bxf5 49. Kf4 Bd7 50. b3 cxb3 51. axb3 g5+ 52. Ke3 Ke5 53.
b4 g4 54. b5 Kd6 55. Kf4 Kc5 56. Bg2 Bxb5 57. Bxd5 Kxd5 58. c4+ Bxc4 59. Kxg4
1/2-1/2

[Event "Corus-B"]
[Site "Wijk aan Zee"]
[Date "2006.01.24"]
[Round "9"]
[White "Carlsen, Magnus"]
[Black "Koneru, Humpy"]
[Result "1/2-1/2"]
[WhiteElo "2625"]
[BlackElo "2537"]
[PlyCount "110"]
[EventDate "2006.01.14"]
[EventType "tourn"]
[EventRounds "13"]
[EventCountry "NED"]
[EventCategory "15"]
[WhiteTeam "Germany"]
[BlackTeam "Germany"]
[WhiteTeamCountry "GER"]
[BlackTeamCountry "GER"]

1. e4 e5 2. Nf3 Nf6 3. Nxe5 d6 4. Nf3 Nxe4 5. d4 d5 6. Bd3 Nc6 7. O-O Be7 8. c4
Nb4 9. Be2 O-O 10. a3 Nc6 11. cxd5 Qxd5 12. Nc3 Nxc3 13. bxc3 Bf5 14. Re1 Bf6
15. Bf4 Rac8 16. Nd2 Rfe8 17. Bf3 Rxe1+ 18. Qxe1 Qd7 19. Ne4 Be7 20. Qe2 Bxe4
21. Qxe4 Bd6 22. Be3 Re8 23. Qd5 Nd8 24. g3 c6 25. Qa5 b6 26. Qa4 Re7 27. c4 c5
28. Qxd7 Rxd7 29. Bg4 Rc7 30. d5 Nb7 31. Bd2 Kf8 32. Be2 Be5 33. Rb1 Ke7 34.
Bd3 Kd6 35. Kg2 Re7 36. g4 h6 37. h4 Kc7 38. f4 Bd4 39. Kf3 Nd6 40. h5 Re8 41.
a4 a5 42. Rh1 Kd7 43. g5 f5 44. Rh2 Rh8 45. Rh3 Kc7 46. Rh1 Kd7 47. Rh2 Ba1 48.
Re2 Re8 49. Rg2 Rh8 50. Re2 Re8 51. Be3 Rh8 52. Ra2 Bc3 53. Rc2 Bd4 54. Rh2 Re8
55. Bd2 Rh8 1/2-1/2

[Event "Corus-B"]
[Site "Wijk aan Zee"]
[Date "2006.01.22"]
[Round "8"]
[White "Navara, David"]
[Black "Carlsen, Magnus"]
[Result "1/2-1/2"]
[WhiteElo "2660"]
[BlackElo "2625"]
[PlyCount "77"]
[EventDate "2006.01.14"]
[EventType "tourn"]
[EventRounds "13"]
[EventCountry "NED"]
[EventCategory "15"]
[WhiteTeam "Germany"]
[BlackTeam "Germany"]
[WhiteTeamCountry "GER"]
[BlackTeamCountry "GER"]

1. Nf3 Nf6 2. c4 e6 3. Nc3 d5 4. d4 Bb4 5. Bg5 c5 6. cxd5 exd5 7. dxc5 Nbd7 8.
Rc1 Qa5 9. a3 Bxc3+ 10. Rxc3 Ne4 11. Bd2 Ndxc5 12. Rc1 Nxd2 13. Qxd2 Qxd2+ 14.
Nxd2 b6 15. e3 Ke7 16. b4 Ne6 17. Nb3 a5 18. bxa5 Bd7 19. Rc3 bxa5 20. Kd2 Rab8
21. Bd3 a4 22. Nd4 Nxd4 23. exd4 Rb2+ 24. Rc2 Rb3 25. Rc3 Rb2+ 26. Rc2 Rb3 27.
Ra2 Rc8 28. Re1+ Kd6 29. Re3 h6 30. h4 g5 31. hxg5 hxg5 32. Bc2 Rbb8 33. Rc3
Rxc3 34. Kxc3 Rc8+ 35. Kd2 Rc4 36. Ke3 Rc3+ 37. Kd2 Rc4 38. Ke3 Rc3+ 39. Kd2
1/2-1/2

[Event "Corus-B"]
[Site "Wijk aan Zee"]
[Date "2006.01.16"]
[Round "3"]
[White "Carlsen, Magnus"]
[Black "Jobava, Baadur"]
[Result "1/2-1/2"]
[WhiteElo "2625"]
[BlackElo "2614"]
[PlyCount "99"]
[EventDate "2006.01.14"]
[EventType "tourn"]
[EventRounds "13"]
[EventCountry "NED"]
[EventCategory "15"]
[WhiteTeam "Germany"]
[BlackTeam "Germany"]
[WhiteTeamCountry "GER"]
[BlackTeamCountry "GER"]

1. Nf3 d5 2. d4 Nf6 3. c4 e6 4. g3 Bb4+ 5. Nbd2 O-O 6. Bg2 dxc4 7. Qc2 a5 8.
Qxc4 b6 9. a3 Ba6 10. Qc2 Be7 11. Ne4 Nxe4 12. Qxe4 Ra7 13. O-O Nd7 14. Bf4 Bb7
15. Qc2 Qa8 16. Rfd1 Be4 17. Qd2 Rd8 18. Bg5 f6 19. Be3 Ne5 20. Ne1 c5 21. Qc3
Rad7 22. Rd2 Bxg2 23. Nxg2 Nc6 24. Rad1 cxd4 25. Bxd4 Bb4 26. axb4 axb4 27. Qe3
Rxd4 28. Nf4 Rxd2 29. Rxd2 Rxd2 30. Qxd2 Qd8 31. Qc2 Qd6 32. Qe4 Ne5 33. Qa8+
Kf7 34. Qb7+ Nd7 35. Nd3 b3 36. h4 Qd5 37. Qc7 Qd4 38. Qd8 e5 39. h5 Qg4 40.
Nc1 Ke6 41. Qg8+ Kd6 42. h6 Qe6 43. Qxg7 Qc4 44. Nxb3 Qxb3 45. Qxh7 Qxb2 46.
Qg6 e4 47. e3 Qe5 48. Qf7 Qa1+ 49. Kg2 Qd1 50. h7 1/2-1/2

[Event "FIDE World Cup 9-10"]
[Site "Khanty Mansiysk"]
[Date "2005.12.17"]
[Round "7.3"]
[White "Kamsky, Gata"]
[Black "Carlsen, Magnus"]
[Result "1-0"]
[WhiteElo "2690"]
[BlackElo "2570"]
[PlyCount "77"]
[EventDate "2005.11.27"]
[EventType "k.o."]
[EventRounds "7"]
[EventCountry "RUS"]
[WhiteTeam "Germany"]
[BlackTeam "Germany"]
[WhiteTeamCountry "GER"]
[BlackTeamCountry "GER"]

1. d4 Nf6 2. Nf3 d5 3. Bf4 c5 4. c3 cxd4 5. cxd4 Nc6 6. Nc3 Bf5 7. e3 e6 8. Bb5
Bb4 9. O-O O-O 10. Rc1 Bxc3 11. Rxc3 Ne4 12. Rc1 g5 13. Bg3 h5 14. Bxc6 bxc6
15. Ne5 h4 16. Nxc6 Qd7 17. Be5 f6 18. f3 Nd6 19. Bxd6 Qxd6 20. Qd2 Rf7 21. b4
Rg7 22. h3 Re8 23. Rfe1 Rc7 24. b5 a6 25. a4 axb5 26. axb5 Rb7 27. e4 dxe4 28.
fxe4 Bh7 29. e5 Qf8 30. Rc5 Rg7 31. exf6 Qxf6 32. Ne5 Bf5 33. Rf1 Qd8 34. Qe3
g4 35. hxg4 Bxg4 36. Nc6 Qc7 37. Rg5 h3 38. gxh3 Bf5 39. Rfxf5 1-0

[Event "NOR-ch playoff rap"]
[Site "Oslo"]
[Date "2005.11.10"]
[Round "5"]
[White "Carlsen, Magnus"]
[Black "Agdestein, Simen"]
[Result "1/2-1/2"]
[WhiteElo "2570"]
[BlackElo "2582"]
[PlyCount "69"]
[EventDate "2005.11.09"]
[EventType "match (rapid)"]
[EventRounds "6"]
[EventCountry "NOR"]
[WhiteTeam "Germany"]
[BlackTeam "Germany"]
[WhiteTeamCountry "GER"]
[BlackTeamCountry "GER"]

1. e4 e6 2. d4 d5 3. Nd2 c5 4. exd5 exd5 5. Ngf3 Nc6 6. Bb5 Bd6 7. dxc5 Bxc5 8.
O-O Nge7 9. Nb3 Bd6 10. Re1 O-O 11. Bd3 a6 12. Be3 Ng6 13. h3 Nf4 14. Bf1 Bf5
15. Qd2 Qc7 16. Bc5 Bxc5 17. Nxc5 Rad8 18. c3 d4 19. cxd4 Nxd4 20. Nxd4 Qxc5
21. Qxf4 Rxd4 22. Re5 Rxf4 23. Rxc5 Be6 24. a3 Rd4 25. Rc7 Rb8 26. Rac1 Kf8 27.
b4 Rd7 28. Be2 Ke7 29. Bf3 Kd8 30. R7c3 Rd6 31. Kh2 b6 32. Kg3 Rc8 33. Rxc8+
Bxc8 34. h4 Rd3 35. Rd1 1/2-1/2

[Event "NOR-ch playoff rap"]
[Site "Oslo"]
[Date "2005.11.10"]
[Round "6"]
[White "Agdestein, Simen"]
[Black "Carlsen, Magnus"]
[Result "1-0"]
[WhiteElo "2582"]
[BlackElo "2570"]
[PlyCount "97"]
[EventDate "2005.11.09"]
[EventType "match (rapid)"]
[EventRounds "6"]
[EventCountry "NOR"]
[WhiteTeam "Germany"]
[BlackTeam "Germany"]
[WhiteTeamCountry "GER"]
[BlackTeamCountry "GER"]

1. d4 Nf6 2. c4 e6 3. Nf3 b6 4. g3 Ba6 5. Qb3 c6 6. Nc3 d5 7. cxd5 cxd5 8. Bf4
Bc4 9. Qa4+ Qd7 10. Qc2 Nc6 11. Ne5 Nxe5 12. dxe5 Ng8 13. Bg2 Bb4 14. a3 Bxc3+
15. Qxc3 Ne7 16. Qd2 O-O 17. O-O Ng6 18. Rfc1 Rac8 19. Rc3 Ba6 20. Rac1 Rxc3
21. Rxc3 Rc8 22. e3 h6 23. h3 Rxc3 24. Qxc3 Qa4 25. Qd2 Qc4 26. h4 h5 27. Qd4
Qc1+ 28. Kh2 Qc2 29. e4 Nxf4 30. gxf4 Qc4 31. Qxc4 Bxc4 32. exd5 Bxd5 33. Bxd5
exd5 34. f5 Kh7 35. f4 Kg8 36. Kg3 Kf8 37. Kf3 Ke7 38. Ke3 Kd7 39. Kd4 Kc6 40.
a4 a5 41. e6 fxe6 42. fxe6 g6 43. e7 Kd7 44. Kxd5 Kxe7 45. Kc6 Kf6 46. Kxb6 Kf5
47. Kxa5 Kxf4 48. b4 g5 49. b5 1-0

[Event "NOR-ch playoff rap"]
[Site "Oslo"]
[Date "2005.11.09"]
[Round "4"]
[White "Carlsen, Magnus"]
[Black "Agdestein, Simen"]
[Result "1/2-1/2"]
[WhiteElo "2570"]
[BlackElo "2582"]
[PlyCount "81"]
[EventDate "2005.11.09"]
[EventType "match (rapid)"]
[EventRounds "6"]
[EventCountry "NOR"]
[WhiteTeam "Germany"]
[BlackTeam "Germany"]
[WhiteTeamCountry "GER"]
[BlackTeamCountry "GER"]

1. e4 c6 2. d4 d5 3. Nd2 dxe4 4. Nxe4 Nd7 5. Ng5 Ngf6 6. Bd3 e6 7. N1f3 Bd6 8.
Qe2 h6 9. Ne4 Nxe4 10. Qxe4 Qc7 11. O-O c5 12. Re1 Nf6 13. Qh4 c4 14. Bf1 c3
15. Bb5+ Bd7 16. Bxd7+ Qxd7 17. bxc3 Qa4 18. Bg5 Nd5 19. Bd2 Rc8 20. Qg4 Kf8
21. Qe4 Qc6 22. Rab1 b6 23. Rb3 b5 24. Ne5 Bxe5 25. Qxe5 a6 26. c4 bxc4 27. Rf3
Re8 28. Rb1 Kg8 29. Rg3 g6 30. h4 h5 31. Rf3 Rc8 32. Rb8 f6 33. Rxf6 Nxf6 34.
Rxc8+ Qxc8 35. Qxf6 Qe8 36. Bf4 Qf7 37. Qg5 Kh7 38. Qh6+ Kg8 39. Qg5 Kh7 40.
Qh6+ Kg8 41. Qg5 1/2-1/2

[Event "NOR-ch playoff rap"]
[Site "Oslo"]
[Date "2005.11.09"]
[Round "3"]
[White "Agdestein, Simen"]
[Black "Carlsen, Magnus"]
[Result "1/2-1/2"]
[WhiteElo "2582"]
[BlackElo "2570"]
[PlyCount "160"]
[EventDate "2005.11.09"]
[EventType "match (rapid)"]
[EventRounds "6"]
[EventCountry "NOR"]
[WhiteTeam "Germany"]
[BlackTeam "Germany"]
[WhiteTeamCountry "GER"]
[BlackTeamCountry "GER"]

1. d4 Nf6 2. c4 e6 3. Nf3 b6 4. g3 Ba6 5. Nbd2 Bb7 6. Bg2 c5 7. e4 cxd4 8. e5
Ng4 9. O-O Nc6 10. h3 Nh6 11. Ne4 Be7 12. Bf4 O-O 13. Nxd4 Nxd4 14. Qxd4 Nf5
15. Qd3 Qc7 16. Rad1 Rfd8 17. b3 Rac8 18. Qe2 Bc6 19. h4 Qb7 20. h5 Bc5 21. g4
Nd4 22. Qd3 d5 23. exd6 f5 24. gxf5 exf5 25. Nxc5 bxc5 26. f3 Re8 27. Rde1 Qf7
28. Be5 Re6 29. b4 Rce8 30. bxc5 Rxe5 31. Rxe5 Rxe5 32. Qxd4 Re2 33. Qh4 h6 34.
Re1 Rxe1+ 35. Qxe1 Qxc4 36. Qe5 Qxa2 37. Qxf5 Qa1+ 38. Kh2 Qe1 39. Qf4 a5 40.
Qd4 Qe6 41. Bf1 Qf5 42. Bc4+ Kf8 43. Qg4 Qxg4 44. fxg4 a4 45. Kg3 a3 46. Kf4
Ke8 47. Kf5 Bd7+ 48. Kg6 Kf8 49. g5 hxg5 50. Kxg5 Ke8 51. Bd5 Kf8 52. Kf4 Bc6
53. Ba2 Ke8 54. Kf5 Bd7+ 55. Ke5 Bc6 56. Ke6 Bb5 57. Bd5 Bd7+ 58. Ke5 Kd8 59.
Kd4 Bc6 60. Be6 Bd7 61. Ba2 Ba4 62. Kc3 Be8 63. Kb4 Kd7 64. Kxa3 Bxh5 65. Kb4
Bf3 66. Kb5 g5 67. Bf7 g4 68. Bh5 Be2+ 69. Kb6 g3 70. c6+ Kxd6 71. c7 g2 72.
c8=Q g1=Q+ 73. Kb7 Qb1+ 74. Ka8 Qa1+ 75. Kb8 Qb2+ 76. Qb7 Qh8+ 77. Ka7 Qxh5 78.
Qb6+ Kd7 79. Qb7+ Ke6 80. Qc6+ Kf5 1/2-1/2